Statistics for Countries that Border Afghanistan

Click here to take the quiz!

General Stats

  • This quiz has been taken 103 times
  • The average score is 6 of 6

Answer Stats

Length (Miles)Answer% Correct
1,660Pakistan
100%
572Iran
96%
500Turkmenistan
94%
89Uzbekistan
94%
57China
93%
843Tajikistan
89%

Score Distribution

Percentile by Number Answered

Percent of People with Each Score

Your Score History

You have not taken this quiz